书目信息 |
| 题名: |
南太平洋征旅
|
|
| 作者: | 塔耶米特 原著 ;桂裕芳 译 | |
| 分册: | ||
| 出版信息: | 上海 上海书店出版社 1999.12 |
|
| 页数: | 210页, [10] 页图版 | |
| 开本: | 18cm | |
| 丛书名: | 发现之旅 | |
| 单 册: | ||
| 中图分类: | N818.3-49 | |
| 科图分类: | ||
| 主题词: | 南太平洋--nan tai ping yang--探险 | |
| 电子资源: | ||
| ISBN: | 7-80622-612-5 | |
| 000 | 01160nam 2200301 450 | |
| 001 | 012007105103 | |
| 005 | 20071109082028.45 | |
| 010 | @a7-80622-612-5@dCNY35.00 | |
| 100 | @a20071108d1999 km y0chiy0120 ea | |
| 101 | 1 | @achi@cfre |
| 102 | @aCN@b310000 | |
| 105 | @aabcfz 001yy | |
| 106 | @ar | |
| 200 | 1 | @a南太平洋征旅@Anan tai ping yang zheng lu@e航海家的冒险乐园@fEtienne Taillemite原著@FEtienne Taillemite yuan zhu@g桂裕芳译@Ggui yu fang yi |
| 210 | @a上海@c上海书店出版社@d1999.12 | |
| 215 | @a210页, [10] 页图版@c图, 地图, 肖像@d18cm | |
| 225 | 2 | @a发现之旅@Afa xian zhi lu@v16 |
| 314 | @a责任者规范汉译姓: 塔耶米特 | |
| 320 | @a有索引。 | |
| 330 | @a本书包括:环球首航、西班牙霸权的终结、首批科学探险队、没有南方大陆、拉帕鲁兹失踪之谜五章,及见证与文献、人物小传、大事记等内容。 | |
| 410 | 0 | @12001 @a发现之旅 |
| 517 | 1 | @a航海家的冒险乐园@Ahang hai jia de mao xian le yuan |
| 606 | 0 | @a南太平洋@Anan tai ping yang@x探险 |
| 690 | @aN818.3-49@v4 | |
| 701 | 1 | @a塔耶米特@Ata ye mi te@g(Taillemite, Etienne),@f1924- @4原著 |
| 702 | 0 | @a桂裕芳@Agui yu fang@4译 |
| 801 | 0 | @aCN@b@c20071109 |
| 905 | @b264877-79@dN818.3-49@eT032@f3 | |
| 南太平洋征旅:航海家的冒险乐园/Etienne Taillemite原著/桂裕芳译.-上海:上海书店出版社,1999.12 |
| 210页, [10] 页图版:图, 地图, 肖像;18cm.-(发现之旅;16) |
| ISBN 7-80622-612-5:CNY35.00 |
| 本书包括:环球首航、西班牙霸权的终结、首批科学探险队、没有南方大陆、拉帕鲁兹失踪之谜五章,及见证与文献、人物小传、大事记等内容。 |
| ● |
| 相关链接 |
|
|
|
正题名:南太平洋征旅
索取号:N818.3-49/T032
 
预约/预借
| 序号 | 登录号 | 条形码 | 馆藏地/架位号 | 状态 | 备注 |
| 1 | 264877 | 202648778 | 期刊室512/401自科库 141排2列3层/ [索取号:N818.3-49/T032] | 在馆 | |
| 2 | 264878 | 202648787 | 期刊室512/401自科库 141排2列3层/ [索取号:N818.3-49/T032] | 在馆 | |
| 3 | 264879 | 202648796 | 自科库401/401自科库 142排1列2层/ [索取号:N818.3-49/T032] | 在馆 |